000 00394nam a2200169Ia 4500
001 22435
003 IN-NITTTR
005 20251114233253.0
008 251113s9999||||xx |||||||||||||| ||eng||
040 _beng
040 _cIN-NITTTR
041 _aeng
082 _a621.374 R13E
100 _aRai, H. M.
245 0 _aElements of electronic instrumentation. /
_cRai, H. M.
942 _2ddc
_cBK
999 _c25064
_d25064